|
|
|
|
| LEADER |
00000nab a2200000 ar4500 |
| 001 |
vtls010029738 |
| 003 |
SK-MaSNL |
| 005 |
20260426071039.0 |
| 008 |
091208c2003 xo |r||||||||||00 ||slo |
| 015 |
|
|
|a SNBRA2009/12
|2 snkbucl
|
| 038 |
|
|
|a SNKBUCL
|
| 040 |
|
|
|a SNKBUCL
|b slo
|c SNKBUCL
|e AACR2
|
| 041 |
1 |
|
|a slo
|
| 044 |
|
|
|a xo
|c SK
|
| 080 |
|
|
|a 327:338.2
|x (437.6)
|x "2003"
|2 2001
|
| 080 |
|
|
|a 338.2:327
|x (437.6)
|x "2003"
|2 2001
|
| 100 |
1 |
|
|a Brocková, Ingrid,
|d 1963-
|4 aut
|9 17568
|
| 245 |
1 |
0 |
|a Ekonomický rozmer zahraničnej politiky
|c Ingrid Brocková
|
| 504 |
|
|
|a Bibliogr. odkazy
|
| 648 |
|
7 |
|a 2003
|2 snkbucl
|9 301018
|
| 650 |
0 |
7 |
|a zahraničná politika
|2 snkbucl
|9 971
|
| 650 |
0 |
7 |
|a hospodárska politika
|2 snkbucl
|9 2279
|
| 650 |
0 |
7 |
|a ekonomická diplomacia
|2 snkbucl
|9 111222
|
| 651 |
|
7 |
|a Slovensko
|2 snkbucl
|9 14231
|
| 655 |
|
7 |
|a štúdie
|2 snkbucl
|9 57033
|
| 773 |
0 |
|
|t Slovensko 2003 : súhrnná správa o stave spoločnosti
|d Bratislava : Inštitút pre verejné otázky, 2003
|g S. 351-368
|z 8088935571
|
| 852 |
|
|
|a SNK
|b KIS3GCP
|
| 958 |
|
|
|a NB
|
| 999 |
|
|
|c 2674009
|d 2675939
|